000 00609nam a22002057a 4500
005 20241218140529.0
008 241218b ||||| |||| 00| 0 eng d
040 _cAL
041 _aEnglish
082 _223
_a348.04
_bEASS
100 _aEastern Book Company
_9191597
245 _aSupreme Court Cases 2000: Vol 2
260 _aLucknow
_bEastern Book Company
_c2017
300 _axxiii,815 p.
_bHB
_c24x16 cm.
365 _a1061
_b₹959.52
_c
_d₹1279.36
_e25%
_f28-11-2024
440 _aVolume 2
_9191598
650 _aLaw
_9191599
650 _aMode of Citation (2000) 2 SCC
_9191600
942 _2ddc
_cBI
999 _c233116
_d233116